000
00337nam a2200133Ia 4500
008
240624s9999 xx 000 0 und d
041
_a
eng
082
_a
343.0999 MAL
100
_a
MALI PRASHANT
245
_a
CYBER LAW AND CYBER CRIMES SIMPLIFIED
250
_a
(4th ed.)
260
_c
2017
_a
Mumbai
_b
Cyber Infomedia
365
_c
RS
_b
30
999
_c
30212
_d
30212